Detalles MARC
| 000 -CABECERA |
| campo de control de longitud fija |
01250cam a2200301 a 4500 |
| 001 - NÚMERO DE CONTROL |
| campo de control |
000012085 |
| 005 - FECHA Y HORA DE LA ÚLTIMA TRANSACCIÓN |
| campo de control |
20200929162704.0 |
| 008 - DATOS DE LONGITUD FIJA--INFORMACIÓN GENERAL |
| campo de control de longitud fija |
970514s1996 ck abd 000 0 spa |
| 010 ## - NÚMERO DE CONTROL DE LA BIBLIOTECA DEL CONGRESO |
| Número de control de LC |
97151238 |
| 020 ## - NÚMERO INTERNACIONAL ESTÁNDAR DEL LIBRO |
| Número Internacional Estándar del Libro |
9586122476 |
| 040 ## - FUENTE DE LA CATALOGACIÓN |
| Centro catalogador/agencia de origen |
DO-SdBNP |
| Centro/agencia transcriptor |
DLC |
| 050 00 - SIGNATURA TOPOGRÁFICA DE LA BIBLIOTECA DEL CONGRESO |
| Número de clasificación |
F2520.1.T925 |
| Número de documento/Ítem |
N84 1996 |
| 082 ## - NÚMERO DE LA CLASIFICACIÓN DECIMAL DEWEY |
| Número de clasificación |
nnn |
| Número de documento/Ítem |
N964 |
| 245 00 - MENCIÓN DE TÍTULO |
| Título |
Nuestras caras de fiesta = |
| Resto del título |
Toru umatuchamwtu yuuegugu / |
| Mención de responsabilidad, etc. |
compilado por Hugo Armando Camacho González ; transcripción en tikuna de Federico José Huaines, Arara ; auxiliar de investigación, Sergio Ramos del Águila, Nazareth. |
| 246 31 - FORMA VARIANTE DE TÍTULO |
| Título propio/Titulo breve |
Toru umatuchamwtu yuuegugu |
| 260 ## - PUBLICACIÓN, DISTRIBUCIÓN, ETC. |
| Lugar de publicación, distribución, etc. |
Santafé de Bogotá : |
| Nombre del editor, distribuidor, etc. |
Asociación Eware : |
| -- |
Colcultura, |
| Fecha de publicación, distribución, etc. |
1996. |
| 300 ## - DESCRIPCIÓN FÍSICA |
| Extensión |
xxxii, 201 p. : |
| Otras características físicas |
il., tablas, mapas ; |
| Dimensiones |
21 cm. |
| 440 #0 - MENCIÓN DE SERIE/PUNTO DE ACCESO ADICIONAL--TÍTULO |
| Título |
Premios nacionales de cultura, 1995 |
| 9 (RLIN) |
28540 |
| 504 ## - NOTA DE BIBLIOGRAFÍA, ETC. |
| Nota de bibliografía, etc. |
Incluye referencia al pie de páginas |
| 546 ## - NOTA DE LENGUA/LENGUAJE |
| Nota de lengua/lenguaje |
Español y Tucuna |
| 650 #0 - PUNTO DE ACCESO ADICIONAL DE MATERIA--TÉRMINO DE MATERIA |
| Término de materia o nombre geográfico como elemento de entrada |
Tucuna indians |
| Subdivisión general |
Social life and customs. |
| 9 (RLIN) |
28541 |
| 650 #0 - PUNTO DE ACCESO ADICIONAL DE MATERIA--TÉRMINO DE MATERIA |
| Término de materia o nombre geográfico como elemento de entrada |
Tucuna indians |
| Subdivisión general |
Music. |
| 9 (RLIN) |
28542 |
| 650 #0 - PUNTO DE ACCESO ADICIONAL DE MATERIA--TÉRMINO DE MATERIA |
| Término de materia o nombre geográfico como elemento de entrada |
Tucuna indians |
| Subdivisión general |
Folklore. |
| 9 (RLIN) |
28511 |
| 650 #0 - PUNTO DE ACCESO ADICIONAL DE MATERIA--TÉRMINO DE MATERIA |
| Término de materia o nombre geográfico como elemento de entrada |
Tucuna language |
| Subdivisión general |
Texts. |
| 9 (RLIN) |
28512 |
| 700 2# - PUNTO DE ACCESO ADICIONAL--NOMBRE DE PERSONA |
| Nombre de persona |
Camacho González, Hugo Armando, |
| Fechas asociadas al nombre |
1965- |
| Término indicativo de función/relación |
comp. |
| 9 (RLIN) |
28543 |
| 700 1# - PUNTO DE ACCESO ADICIONAL--NOMBRE DE PERSONA |
| Nombre de persona |
Huaines, Federico José |
| 9 (RLIN) |
28517 |
| 910 ## - DATOS DE OPCIÓN DEL USUARIO (OCLC) |
| Datos de opción del usuario |
Catalogación por copia / LC |